000
00268 a2200109 4500
245
_a
A guide to conducting research
_b
: a student handbook
_h
Text
020
_a
9781681810874
100
_a
MAGWA SIMUFOROSA
100
_a
MAGWA WISEMAN
005
20191021112940.0
260
_c
2015
084
_a
NONE
999
_c
13343
_d
13343